000 01056naa a22003730a 4500
001 UByD000809
003 AR-LpoUNG
005 20220804195923.0
008 220804s2019||||ag |||||||||||||||||spa d
020 _a9789876937740
040 _aAR-LpoUNG
_bspa
_eaacr
041 _aspa
044 _aag
082 0 _a498 416ide
100 1 _aSeidl, Bettina
245 1 0 _aIdeologías lingüísticas en transformación :
_bla migración boliviana a Buenos Aires y la transmisión intergeneracional de los idiomas indígenas
250 _a1ra. ed.
260 _aBuenos Aires :
_bCICCUS,
_c2019.
300 _a366 p. :
_bgráfs., tbls.
650 4 _aARGENTINA
650 4 _aASPECTOS EDUCATIVOS
650 4 _aCIENCIAS SOCIALES
650 4 _aCOMUNICACION
650 4 _aENSEÑANZA DE IDIOMAS
650 4 _aLECTURA
650 4 _aLENGUAS INDIGENAS
650 4 _aLINGUISTICA
650 4 _aMINORIAS LINGUISTICAS
650 4 _aIDENTIDAD CULTURAL
650 4 _aDIVERSIDAD CULTURAL
653 0 _aLENGUAJE
905 _a53177
942 _cLIB
_2ddc
999 _c63495
_d63495